[Event "IND-ch U17 Girls"]
[Site "Bhubaneswar"]
[Date "2022.07.02"]
[Round "3"]
[White "Vijayasubhasri, S."]
[Black "Khairmode, Dhanashree"]
[Result "0-1"]
[WhiteElo "1523"]
[BlackElo "1622"]
[PlyCount "150"]
[EventDate "2022.07.01"]
[EventType "swiss"]
[EventRounds "11"]
[EventCountry "IND"]
[SourceTitle "EXT 2023"]
[Source "ChessBase"]
[SourceDate "2022.10.05"]
[SourceVersion "1"]
[SourceVersionDate "2022.10.05"]
[SourceQuality "1"]

1. e4 d6 2. d4 Nf6 3. Nc3 g6 4. h3 Bg7 5. Be3 0-0 6. Qd2 e5 7. dxe5 dxe5 8. Qxd8 Rxd8 9. Bc4 c6 10. a4 Nbd7 11. 0-0-0 Re8 12. Nf3 Nf8 13. Rd2 Be6 14. Bxe6 Rxe6 15. Rhd1 Ree8 16. Rd6 h6 17. a5 a6 18. Bb6 N8h7 19. Nd2 Bf8 20. Rd3 Ng5 21. f3 Ne6 22. Nc4 Kg7 23. Na4 h5 24. g3 h4 25. Nxe5 hxg3 26. Ng4 Nf4 27. R3d2 N6h5 28. Bd4+ Kg8 29. Nf6+ Nxf6 30. Bxf6 Bh6 31. Kb1 Nh5 32. Bh4 Bxd2 33. Rxd2 Re5 34. Nb6 Rae8 35. Nd7 Rxa5 36. Nf6+ Nxf6 37. Bxf6 Rh5 38. h4 a5 39. Rg2 Re6 40. e5 Rxf6 41. exf6 Rxh4 42. Rxg3 Rf4 43. Ka2 Rxf6 44. Kb3 Rf4 45. c4 b5 46. cxb5 cxb5 47. Ka3 Kg7 48. Kb3 f5 49. Kc3 Kf6 50. Kd3 g5 51. Rh3 g4 52. fxg4 fxg4 53. Rh6+ Kg5 54. Rh8 Rb4 55. Rg8+ Kf4 56. Rf8+ Kg3 57. Kc3 Kg2 58. Ra8 Rc4+ 59. Kd3 a4 60. Rb8 Rb4 61. Rg8 g3 62. Rg5 Rxb2 63. Kc3 a3 64. Rg4 b4+ 65. Rxb4 Rxb4 66. Kxb4 a2 67. Kc5 a1Q 68. Kd5 Qe1 69. Kd4 Kf3 70. Kd5 g2 71. Kd4 g1Q+ 72. Kd5 Qg8+ 73. Kd6 Qb4+ 74. Kd7 Qb7+ 75. Kd6 Qd8+ 0-1

[Event "World Cup U18 Girls Prel"]
[Site "Tornelo INT"]
[Date "2021.08.01"]
[Round "6"]
[White "Bommini, Mounika Akshaya"]
[Black "Vijayasubhasri, S."]
[Result "1-0"]
[WhiteElo "2029"]
[BlackElo "1567"]
[PlyCount "57"]
[EventDate "2021.08.01"]
[EventType "swiss (rapid)"]
[EventRounds "10"]
[EventCountry "NET"]
[SourceTitle "EXT 2024"]
[Source "ChessBase"]
[SourceDate "2023.10.10"]
[SourceVersion "1"]
[SourceVersionDate "2023.10.10"]
[SourceQuality "1"]

1. d4 d5 2. c4 e6 3. Nc3 Nf6 4. cxd5 exd5 5. Bg5 Nbd7 6. e3 Be7 7. Bd3 c6 8. Nge2 0-0 9. 0-0 Re8 10. f3 Qb6 11. Qd2 Ne4 12. fxe4 Bxg5 13. Kh1 Nf8 14. Rf3 dxe4 15. Nxe4 Bh6 16. N2g3 Bg4 17. Rf2 Be6 18. Nd6 Red8 19. Ndf5 Bxf5 20. Nxf5 Bg5 21. Raf1 Ne6 22. Qe2 g6 23. h4 gxf5 24. hxg5 Nxg5 25. Rxf5 h6 26. Qh5 c5 27. Rxg5+ hxg5 28. Qh7+ Kf8 29. Qxf7# 1-0